书目信息 |
| 题名: |
精细有机合成化学与工艺学(第二版)
|
|
| 作者: | 唐培堃 , 冯亚青 主编 | |
| 分册: | ||
| 出版信息: | 化学工业出版社 2006.06 |
|
| 页数: | 359页 | |
| 开本: | 16开 | |
| 丛书名: | ||
| 单 册: | ||
| 中图分类: | TQ202 | |
| 科图分类: | ||
| 主题词: | ||
| 电子资源: | ||
| ISBN: | 7-5025-8906-6 | |
| 000 | 01484nam0 2200241 450 | |
| 001 | 122 | |
| 005 | 20180921110957.10 | |
| 010 | @a7-5025-8906-6@dCNY38 | |
| 100 | @a20070104d2006 em y0chiy0110 ea | |
| 101 | 0 | @achi |
| 102 | @aCN@b110000 | |
| 105 | @ay z 000yy | |
| 200 | 1 | @a精细有机合成化学与工艺学(第二版)@9Jing Xi You Ji He Cheng Hua Xue Yu Gong Yi Xue Di Er Ban@f唐培堃,冯亚青主编 |
| 205 | @a2版 | |
| 210 | @c化学工业出版社@d2006.06 | |
| 215 | @a359页@d16开 | |
| 327 | 0 | @a第1章 绪论1@a1.1精细化学品的释义1@a1.2精细化学品的分类1@a1.3精细化工的特点2@a1.4精细化工在国民经济中的作用2@a1.5精细有机合成的原料资源3@a1.5.1煤3@a1.5.2石油3@a1.5.3天然气4@a1.5.4动植物原料4@a1.6本书的编写体系和讨论范围4@a习题4@a参考书目5@a参考文献5@a第2章 精细有机合成基础6@a2.1芳香族亲电取代的定位规律6@a2.1.1反应历程6@a2.1.2苯环上已有取代基的定位规律7@a2. |
| 330 | @a本书以单元反应为体系,在综述精细有机合成的理论和新技术的基础上分章讨论有关单元反应的理论、影响因素和生产工艺,并有若干典型生产实例。主要单元反应包括:卤化、磺化和硫酸化、硝化和亚硝化、还原、氧化、重氮化和重氮盐的反应、氨基化、烃化、酰化、水解、缩合和环合。每章末附有若干习题、参考书目和大量参考文献。 本书适于作为普通高等学校精细化工、有机合成、石油化工及相关专业的教材,也可供从事有机合成的技术人员和科研人员参考。 为便于教学,本书将配备电子教学课件。 | |
| 690 | @aTQ202@v4 | |
| 701 | 0 | @a唐培堃@9Tang Pei Kun@4主编 |
| 701 | 0 | @a冯亚青@9Feng Ya Qing@4主编 |
| 801 | 0 | @aCN@b91MARC@c20130904 |
| 905 | @aMuseLib@dTQ202@e40=2 | |
| 精细有机合成化学与工艺学(第二版)/唐培堃,冯亚青主编.-2版.-化学工业出版社,2006.06 |
| 359页;16开 |
| 部分内容:第1章 绪论1;1.1精细化学品的释义1;1.2精细化学品的分类1;1.3精细化工的特点2;1.4精细化工在国民经济中的作用2;1.5精细有机合成的原料资源3;1.5.1煤3;1.5.2石油3;1.5.3天然气4;1.5.4动植物原料4;1.6本书的编写体系和讨论范围4;习题4;参考书目5;参考文献5;第2章 精细有机合成基础6;2.1芳香族亲电取代的定位规律6;2.1.1反应历程6;2.1.2苯环上已有取代基的定位规律7;2. |
| ISBN 7-5025-8906-6:CNY38 |
| 本书以单元反应为体系,在综述精细有机合成的理论和新技术的基础上分章讨论有关单元反应的理论、影响因素和生产工艺,并有若干典型生产实例。主要单元反应包括:卤化、磺化和硫酸化、硝化和亚硝化、还原、氧化、重氮化和重氮盐的反应、氨基化、烃化、酰化、水解、缩合和环合。每章末附有若干习题、参考书目和大量参考文献。 本书适于作为普通高等学校精细化工、有机合成、石油化工及相关专业的教材,也可供从事有机合成的技术人员和科研人员参考。 为便于教学,本书将配备电子教学课件。 |
| ● |
| 相关链接 |
|
|
|
|
正题名:精细有机合成化学与工艺学(第二版)
索取号:TQ202/40=2
 
预约/预借
| 序号 | 登录号 | 条形码 | 馆藏地/架位号 | 状态 | 备注 |
| 1 | 1118349 | 211183495 | 第二样本阅览室/ [索取号:TQ202/40=2] | 在馆 | |
| 2 | 1118350 | 211183501 | 第三借阅区/ [索取号:TQ202/40=2] | 在馆 | |
| 3 | 1118351 | 211183510 | 第三借阅区/ [索取号:TQ202/40=2] | 在馆 | |
| 4 | 1118352 | 211183529 | 第三借阅区/ [索取号:TQ202/40=2] | 在馆 | |
| 5 | 1118353 | 211183538 | 化学系资料室/ [索取号:TQ202/40=2] | 在馆 |